| Tag |
First Indicator |
Second Indicator |
Subfields |
| LEADER |
00000cam a22000008a 4500 |
| 001 |
in00002000654 |
| 005 |
20151031141127.0 |
| 008 |
031107s2004 enk 000 1 eng |
| 015 |
|
|
|a GBA4-Z5661
|
| 020 |
|
|
|a 0007141513 (pbk.) :
|c £12.99
|
| 035 |
|
|
|a (OCoLC)ocm55624598
|
| 040 |
|
|
|a UKM
|c UKM
|d TXA
|d UtOrBLW
|
| 049 |
|
|
|a TXAM
|
| 082 |
0 |
4 |
|a 823.914
|2 21
|
| 090 |
|
|
|a PR6064.I179
|b Q54 2004
|
| 100 |
1 |
|
|a Nicholls, Stan.
|
| 245 |
1 |
0 |
|a Quicksilver Zenith /
|c Stan Nicholls.
|
| 264 |
|
1 |
|a London :
|b Voyager,
|c 2004.
|
| 300 |
|
|
|a 327 pages ;
|c 24 cm.
|
| 336 |
|
|
|a text
|b txt
|2 rdacontent
|
| 337 |
|
|
|a unmediated
|b n
|2 rdamedia
|
| 338 |
|
|
|a volume
|b nc
|2 rdacarrier
|
| 490 |
1 |
|
|a Quicksilver trilogy ;
|v bk. 2
|
| 655 |
|
7 |
|a Fantasy fiction.
|2 lcgft
|
| 800 |
1 |
|
|a Nicholls, Stan.
|t Quicksilver trilogy ;
|v Bk. 2.
|
| 994 |
|
|
|a E0
|b TXA
|
| 948 |
|
|
|a cataloged
|b h
|c 2004/11/12
|d c
|e jlanham
|f 10:16:35 am
|
| 999 |
|
|
|a MARS
|
| 999 |
f |
f |
|s 97c3b57a-ce8a-3c1b-9add-6d6d94df19b2
|i 63f790b8-2885-3e84-bc1c-f1e3c888c969
|t 0
|
| 952 |
f |
f |
|p noncirc
|a Texas A&M University
|b College Station
|c Cushing Memorial Library & Archives
|d Cushing: Science Fiction (Does not check out)
|t 0
|e PR6064.I179 Q54 2004
|h Library of Congress classification
|i unmediated -- volume
|
| 952 |
f |
f |
|p ric
|a Texas A&M University
|b Rellis Campus
|c Joint Library Facility
|d Remote Storage
|t 0
|e PR6064.I179 Q54 2004
|h Library of Congress classification
|i unmediated -- volume
|m A14831631564
|
| 998 |
f |
f |
|a PR6064.I179 Q54 2004
|t 0
|l Remote Storage
|
| 998 |
f |
f |
|a PR6064.I179 Q54 2004
|t 0
|l Cushing: Science Fiction (Does not check out)
|